| 000 | 00472nam a2200169 a 4500 | ||
|---|---|---|---|
| 005 | 20210223120727.0 | ||
| 008 | 991125s1934 ea 000 0 eng u | ||
| 035 | _aUPN01000006248 | ||
| 049 | _aCG | ||
| 050 | 4 |
_aLF449 C5 _bC3.4 |
|
| 110 | 1 |
_aCity of London College _910621 |
|
| 245 | 1 | 0 |
_aCalendar 1934-1935 / _cCity of London College. |
| 260 |
_aLondon : _bCity of London College, _c1934. |
||
| 300 | _a145 p. | ||
| 610 | 2 | 4 |
_aCITY OF LONDON COLLEGE _910621 |
| 905 | _aLibro | ||
| 999 |
_c6248 _d6248 |
||